Black robe (Record no. 40755)
[ view plain ]
| 000 -LEADER | |
|---|---|
| fixed length control field | 00477nam a2200193Ia 4500 |
| 003 - CONTROL NUMBER IDENTIFIER | |
| control field | 0100 |
| 005 - DATE AND TIME OF LATEST TRANSACTION | |
| control field | 20170404095943.0 |
| 008 - FIXED-LENGTH DATA ELEMENTS--GENERAL INFORMATION | |
| fixed length control field | 130303s9999 xx 000 0 und d |
| 040 ## - CATALOGING SOURCE | |
| Transcribing agency | ARRUPELIB |
| 050 ## - LIBRARY OF CONGRESS CALL NUMBER | |
| Classification number | BX3756.S637T3 1964 |
| 300 ## - PHYSICAL DESCRIPTION | |
| Other physical details | 22cm. |
| 100 ## - MAIN ENTRY--PERSONAL NAME | |
| Personal name | Terrell, John Upton |
| 9 (RLIN) | 29607 |
| 245 ## - TITLE STATEMENT | |
| Title | Black robe |
| 245 ## - TITLE STATEMENT | |
| Remainder of title | the life of Pierre-Jean de Smet, missionary, explorer and pioneer |
| 250 ## - EDITION STATEMENT | |
| Edition statement | 1st ed. |
| 260 ## - PUBLICATION, DISTRIBUTION, ETC. (IMPRINT) | |
| Place of publication, distribution, etc | New York |
| 260 ## - PUBLICATION, DISTRIBUTION, ETC. (IMPRINT) | |
| Name of publisher, distributor, etc | Doubleday |
| 300 ## - PHYSICAL DESCRIPTION | |
| Extent | 381 p. |
| 600 ## - SUBJECT ADDED ENTRY--PERSONAL NAME | |
| Personal name | Smet, Pierre Jean de |
| 9 (RLIN) | 29608 |
| 942 ## - ADDED ENTRY ELEMENTS (KOHA) | |
| Source of classification or shelving scheme | Library of Congress Classification |
| Koha item type | Monograph ( Printed materials) |
| Withdrawn status | Lost status | Source of classification or shelving scheme | Damaged status | Not for loan | Collection code | Home library | Current library | Date acquired | Total Checkouts | Full call number | Barcode | Date last seen | Copy number | Price effective from | Koha item type | Shelving location |
|---|---|---|---|---|---|---|---|---|---|---|---|---|---|---|---|---|
| Library of Congress Classification | Main Collection | ARRUPE LIBRARY | ARRUPE LIBRARY | 04/03/2013 | BX3756.S637 T3 1964 | 46003037092 | 22/11/2017 | 1 | 04/03/2013 | Monograph ( Printed materials) | ||||||
| Library of Congress Classification | Main Collection | ARRUPE LIBRARY | ARRUPE LIBRARY | 04/03/2013 | BX3756.S637 T3 1964 | 46003041860 | 04/04/2018 | 2 | 04/03/2013 | Monograph ( Printed materials) | Main Collection |